000 00263nam a2200085Ia 4500
245 0 _aJohnny Golightly comes home : a portrait of eccentricity
100 _a HOPKINS, Pat Johannesburg, 2009
_981616
942 _cBK
008 210817s9999 xx 000 0 und d
999 _c291551
_d291550